Statistics for Foods beginning with E

Click here to take the quiz!

General Stats

  • This quiz has been taken 79 times
  • The average score is 5 of 6

Answer Stats

Answer% Correct
egg
100%
eggplant
96%
eel
84%
eclair
74%
escargot
73%
edam cheese
41%

Score Distribution

Percentile by Number Answered

Percent of People with Each Score

Your Score History

You have not taken this quiz